000 00747nam a2200181 4500
999 _c6532
_d6532
020 _a3540780602
050 _aQA184
_b.L37
100 _aLang, Serge
245 _aIntroduction to linear algebra /
_cSerge Lang
250 _a2nd ed.
260 _aNew York
_bSpringer
_c1986
300 _aviii, 293p. :
_c24cm.
440 _aUndergraduate texts in mathematics.
500 _aIncludes index
505 _aChapter 1. Vectors Chapter 2. Matrices and Linear Equation Chapter 3. Vector Spaces Chapter 4. Linear Mappings Chapter 5. Composition and Inverse Mappings Chapter 6. Scalar Products and Orthogonality Chapter 7. Determinants Chapter 8. Eigenvectors and Eigenvalues
650 _a Algebras, Linear -- Textbooks.
942 _cBK